Industrialization in Taiwan, 1946 - 72 : Trade and import-substitution policies for developing countries
The problems of the Taiwan economy in the late 1940s; policy incentives for the period of inward-oriented growth; Economic situation in the mid-1950s and the ensuing policy changes...
محفوظ في:
| المؤلف الرئيسي: | |
|---|---|
| التنسيق: | كتاب |
| اللغة: | Undetermined |
| منشور في: |
New York
Praeger Publishers
1973
|
| الوسوم: |
إضافة وسم
لا توجد وسوم, كن أول من يضع وسما على هذه التسجيلة!
|
| Thư viện lưu trữ: | Trung tâm Học liệu Trường Đại học Cần Thơ |
|---|
| LEADER | 00735nam a2200193Ia 4500 | ||
|---|---|---|---|
| 001 | CTU_223483 | ||
| 008 | 210402s9999 xx 000 0 und d | ||
| 082 | |a 338.0951 | ||
| 082 | |b L735 | ||
| 100 | |a Lin, Ching-yuan | ||
| 245 | 0 | |a Industrialization in Taiwan, 1946 - 72 : | |
| 245 | 0 | |b Trade and import-substitution policies for developing countries | |
| 245 | 0 | |c Ching-yuan Lin | |
| 260 | |a New York | ||
| 260 | |b Praeger Publishers | ||
| 260 | |c 1973 | ||
| 520 | |a The problems of the Taiwan economy in the late 1940s; policy incentives for the period of inward-oriented growth; Economic situation in the mid-1950s and the ensuing policy changes... | ||
| 904 | |i Trúc | ||
| 980 | |a Trung tâm Học liệu Trường Đại học Cần Thơ | ||